Quiz o Czarnogórze - Statystyki

Ogólne statystyki
  • Ten quiz został rozwiązany 4 976 razy
  • Średni wynik to 14 z 19
Statystyki odpowiedzi
Wskazówka Odpowiedź % Poprawnych
Graniczące państwa Serbia
96%
Graniczące państwa Bośnia i Hercegowina
95%
Graniczące państwa Chorwacja
95%
Graniczące państwa Kosowo
95%
Graniczące państwa Albania
94%
Państwo, którego Czarnogóra była częścią w latach 1918-1992 Jugosławia
91%
Stolica Podgorica
90%
Półwysep, na którym leży Czarnogóra Półwysep Bałkański
86%
Dwugłowe zwierzę, które pojawia się na fladze Orzeł
85%
Sojusz wojskowy, do którego Czarnogóra dołączyła w 2017 roku NATO
84%
Imperium, które kontrolowało przynajmniej część Czarnogóry w latach 1496–1878 Imperium Osmańskie
78%
Język urzędowy Czarnogórski
74%
Część Morza Śródziemnego granicząca z Czarnogórą Morze Adriatyckie
68%
Znaczenie anglojęzycznej nazwy "Montenegro" Czarna góra
67%
Włoskie państwo-miasto, które rządziło tą zatoką w latach 1420–1797 Wenecja
50%
Czarnogóra przystąpiła do ONZ w 2006 r. Który kraj jako jedyny dołączył pózniej? Sudan Południowy
42%
Dawna nazwa stolicy z lat 1946–1992, na cześć dyktatora Titograd
34%
Największa zatoka, wpisana na Listę Światowego Dziedzictwa UNESCO Zatoka {Kotorska}
20%
Największe jezioro w Europie Południowej Jezioro Szkoderskie
16%
Nie znaleziono quizów pasujących do podanych kryteriów
Rozkład punktacji
Procent ludzi z każdym wynikiem
Percentyl według liczby udzielonych odpowiedzi
Twoja historia wyników
Nie rozwiązałeś tego quizu